Normal view MARC view
  • Aziz-ud-Din

Entry Personal Name

Number of records used in: 3

001 - CONTROL NUMBER

  • control field: 5314

003 - CONTROL NUMBER IDENTIFIER

  • control field: NUST

005 - DATE AND TIME OF LATEST TRANSACTION

  • control field: 20171009122523.0

008 - FIXED-LENGTH DATA ELEMENTS

  • fixed length control field: 171009|| aca||aabn | a|a d

040 ## - CATALOGING SOURCE

  • Original cataloging agency: NUST
  • Transcribing agency: NUST

100 ## - HEADING--PERSONAL NAME

  • Personal name: Aziz-ud-Din

670 ## - SOURCE DATA FOUND

  • Source citation: Work cat.: (NUST)0: Aziz-ud-Din , Tareekh-e-Chitral, 2010
© 2023 Central Library, National University of Sciences and Technology. All Rights Reserved.